| 000 | 00605cam a2200205 4500500 | ||
|---|---|---|---|
| 005 | 20260405003256.0 | ||
| 041 | _afre | ||
| 042 | _adc | ||
| 100 | 1 | 0 |
_aMorel, François _eauthor |
| 245 | 0 | 0 | _aConseil n° 7. Préparons l’après-guerre |
| 260 | _c2021. | ||
| 500 | _a53 | ||
| 690 | _aConfinement | ||
| 690 | _aCovid-19 | ||
| 690 | _aFrançois Morel | ||
| 690 | _aGuerre | ||
| 690 | _aHumour | ||
| 786 | 0 | _nPhilosophie magazine | 148 | 4 | 2021-04-01 | p. 87-88 | 1951-1787 | |
| 856 | 4 | 1 | _uhttps://shs.cairn.info/magazine-philosophie-magazine-2021-4-page-87?lang=fr&redirect-ssocas=7080 |
| 999 |
_c2066026 _d2066026 |
||